000 00753cam a2200241 4500
001 WB3636-18
008 000000n2000 000 0 eng u
035 _a(Sirsi) u108337
245 _aAgents' advice not being heeded
260 _c2000
490 _aEstate Agency News
_v(160) September 2000, 6(1)
520 _aDiscusses research by SmartEstates, which found that 59% of estate agents claim people do not listen to their advice when buying and selling property.
590 _aWB
650 _aESTATE AGENTS
650 _aSMARTESTATES
650 _aHOMEBUYERS' PREFERENCES
650 _aHOMESELLERS
650 _aRESEARCH
650 _aRESIDENTIAL AGENTS
650 _aPUBLIC IMAGE
690 _aHOUSING-OWNER OCCUPIED
942 _n0
999 _c64679
_d64679